000 01256nam a2200265Ia 4500
003 Ost
005 20260507075117.0
008 260507s9999||||xx |||||||||||||| ||und||
020 _a3100069957
040 _cfsecg
041 _aara
082 _a5.42
100 _aشلباية، مراد
_eمؤلف
245 0 _aانشاء وإدارة موقع الوب /
_c مراد شلباية
260 _aعمان:
_bدار المسيرة للنشر والتوزيع,
_c2002
300 _a541 صفحة؛
_bإيضاحات ؛
_c24 سم
520 _aأساسيات التخطيط وصفحات الوب- تحليل وتصميم مواقع الوب- النماذج وعناصرها وأحداثها- لغة HTML الديناميكية- لغة الأوراق المتشعبةSCC- اضافة الوسائط المتعددة الى صفحة الوب- لغة الجافا- اضافة لغة HTML- من خلال FRONT PAGE- إدارة وصيانة مواقع الوب
653 _aالحاسوب- البرمجة
653 _aالحواسيب
653 _aبرامج الحاسوب
653 _aمواقع الواب- إدارة
653 _aمواقع الواب- تصميم
700 _aجابر، ماهر
_eمؤلف ثانوي
942 _cكتاب
999 _c43023
_d43023